000 00576nam a22001937a 4500
999 _c2240
_d2240
003 OSt
005 20210707085459.0
008 210707b ||||| |||| 00| 0 eng d
020 _a-
040 _cALUPE UNIVERSITY
050 _aR690
_b.N52 1985
100 _aN. W. Nicholson
245 _aMedicine: Non Communicable Diseases in Adults
_cN.W. Nicholson ; illustrated by Meg Palmer, Nicolette Dames.
260 _aNairobi, Kenya
_bAMREF
_c1985
300 _a383 pages.
440 _aRural Health Series
650 _aMedicine
_vNon Communicable Disease
942 _2lcc
_cBK
_nMW